000 00852nam a2200205 i 4500
001 bg
245 0 0 _aStrategie inwestycyjne gmin :
_bpraca zbiorowa /
_cpod red. Mieczysława Bąka i Przemysława Kulawczuka ; Instytut Badań nad Demokracją i Przedsiębiorstwem Prywatnym, Korporacja Przedsiębiorców Budowlanych UNI-BUD.
260 _aWarszawa :
_bIBDiPP,
_c1997.
300 _a195 s. :
_brys., wykr. ;
_c30 cm.
650 9 _aGospodarka terenowa
_ainwestycje
_zPolska
_yod 1989 r.
700 1 _aBĄK, Mieczysław.
_eRed.
700 1 _aKULAWCZUK, Przemysław.
_eRed.
710 0 _aInstytut Badań nad Demokracją i Przedsiębiorstwem Prywatnym
710 0 _aKorporacja Przedsiębiorców Budowlanych UNI-BUD
040 _cBPK
041 0 _apl
080 _a332.1:330.322](438)"1989/..."
942 _cKS
008 s pl f |000 0 pol
999 _c36790
_d36790
856 _uhttp://koha.tu.koszalin.pl/cgi-bin/koha/opac-detail.pl?biblionumber=36790
_yKatalog online BPK